[Event "Olympiad Women 2024"]
[Site "Budapest HUN"]
[Date "2024.09.21"]
[Round "10.37"]
[Board "1"]
[White "Vargas, Gabriela"]
[Black "Shibata, Misaki"]
[Result "1/2-1/2"]
[WhiteElo "2109"]
[BlackElo "1847"]
[PlyCount "100"]
[EventDate "2024.09.11"]
[WhiteTeam "Paraguay"]
[BlackTeam "Japan"]
[WhiteTeamCountry "PAR"]
[BlackTeamCountry "JPN"]

1. d4 Nf6 2. Nf3 d5 3. e3 Bf5 4. Bd3 Bxd3 5. Qxd3 c6 6. O-O e6 7. c4 Be7 8. Nc3 Nbd7 9. e4 dxe4 10. Nxe4 Nxe4 11. Qxe4 Nf6 12. Qe2 O-O 13. Rd1 Qc7 14. Bg5 ({RR} 14. g3 Rad8 15. Bf4 Qa5 16. a3 Qh5 17. Kg2 Rfe8 18. h3 Qf5 19. Re1 h6 20. Bc7 Rd7 21. Be5 Red8 22. Rad1 Nh7 23. g4 Qg6 24. Bg3 Bd6 25. Bh4 Ng5 26. Bxg5 hxg5 27. d5 exd5 28. cxd5 Bf4 {1-0 Melkumyan,H (2650)-Gledura,B (2633) 24th European Teams 2023 (7.5)}) 14... Rad8 15. Rac1 $146 ({RR} 15. Rd3 c5 {½-½ Guerande,P (2140)-Fievet,P (2055) FRA-ch op-A Aix les Bains 2007 (11)}) ({RR} 15. a3 Rfe8 16. Bh4 Nh5 17. Bg3 Nxg3 18. hxg3 Bf6 19. Rac1 c5 20. dxc5 Qxc5 21. b4 Qc6 22. Qe3 Qa4 23. Nd2 Bb2 24. Rb1 Qc2 25. Qb3 Rxd2 {0-1 Rosenlund,T (2137)-Hove,E (2297) ch-DEN Rapid 2024 (2.6)}) ({RR} 15. Rd3 c5 16. Rad1 h6 17. Bh4 cxd4 18. Rxd4 Rxd4 19. Rxd4 Qc5 20. h3 {½-½ Sarosi,Z (2272)-Hajnal,Z (2346) Kecskemet Caissa IM 10 2013 (2)}) ({RR} 15. Qe5) 15... Rfe8 16. b3 c5 17. h3 a6 18. Rd3 cxd4 19. Nxd4 h6 20. Be3 Qa5 21. Rcd1 Rc8 22. Bc1 b5 23. cxb5 axb5 24. a3 b4 25. axb4 Bxb4 26. Bd2 Nd5 27. Bxb4 Qxb4 28. Qg4 Nf6 29. Qg3 Qc5 30. Ne2 Rb8 31. Rc3 Qb6 32. Qe5 Rec8 33. Rg3 Kf8 34. Nd4 Rc5 35. Qe2 Rd5 36. Rgd3 Rbd8 37. Nf3 Rb8 38. Ne5 Qc7 39. Rxd5 Nxd5 40. Nf3 Rxb3 41. Qa2 Rc3 42. Qa8+ Qc8 43. Qa7 Rc7 44. Qa3+ Kg8 45. Ne5 Rc2 46. Qf3 Qc7 47. Re1 Rc1 48. Qe4 Rxe1+ 49. Qxe1 Nf4 50. Nf3 Qc5 1/2-1/2

[Event "Olympiad Women 2024"]
[Site "Budapest HUN"]
[Date "2024.09.21"]
[Round "10.37"]
[Board "2"]
[White "Kinoshita, Kanako"]
[Black "Montiel Caceres, Helen"]
[Result "0-1"]
[WhiteElo "1822"]
[BlackElo "1864"]
[PlyCount "76"]
[EventDate "2024.09.11"]
[WhiteTeam "Japan"]
[BlackTeam "Paraguay"]
[WhiteTeamCountry "JPN"]
[BlackTeamCountry "PAR"]

1. e4 c5 2. Nf3 a6 3. d4 cxd4 4. Nxd4 e6 5. c3 Qc7 6. Be2 Nf6 7. Nd2 Nc6 8. O-O Bc5 9. N4b3 Ba7 10. Kh1 $146 ({RR} 10. Bf3 Ne5 11. g3 Nxf3+ 12. Qxf3 e5 13. Qd3 O-O 14. Nc4 d5 15. exd5 e4 16. d6 Qc6 17. Nd4 exd3 18. Nxc6 bxc6 19. Ne5 Rd8 20. Nxc6 Rxd6 21. Ne7+ Kf8 22. Nxc8 Rxc8 23. Bf4 Rd7 24. Rad1 Re8 {0-1 Galka,K (1823)-Kowalski,I (1578) Polanica Zdroj op-D 47th 2011 (5)}) 10... d5 11. exd5 Nxd5 12. Ne4 O-O 13. Bg5 h6 14. Bh4 Qf4 15. c4 Nb6 16. Bg3 Qf5 17. Nd6 Qf6 18. Nc5 Qd4 19. Nce4 f5 20. Qc2 fxe4 21. Rad1 Qf6 22. Nxe4 Qg6 23. c5 Nd5 24. Qb1 Nf4 25. Bf3 e5 26. Rd6 Qf5 27. b4 Nd4 28. Bd1 Bb8 29. Bb3+ Kh8 30. Bxf4 Bxd6 31. Be3 Bc7 32. f3 Bd7 33. Qd1 Bb5 34. Rf2 Rad8 35. Ng3 Qg6 36. Qc1 Qd3 37. Ne4 Nxb3 38. axb3 Qd1+ 0-1

[Event "Olympiad Women 2024"]
[Site "Budapest HUN"]
[Date "2024.09.21"]
[Round "10.37"]
[Board "3"]
[White "Oviedo Acosta, Paula"]
[Black "Mitsuyama, Rikka"]
[Result "1-0"]
[WhiteElo "1790"]
[BlackElo "1738"]
[PlyCount "37"]
[EventDate "2024.09.11"]
[WhiteTeam "Paraguay"]
[BlackTeam "Japan"]
[WhiteTeamCountry "PAR"]
[BlackTeamCountry "JPN"]

1. e4 {ChessBase II} e5 2. Nf3 Nc6 3. Bc4 Bc5 4. O-O Nf6 5. d3 O-O 6. h3 d5 7. exd5 Nxd5 8. Re1 Nb6 ({RR} 8... Be6 9. c3 ({RR} 9. Nbd2 f6 10. Nb3 Bb6 11. d4 Bf7 12. dxe5 Nxe5 13. Nxe5 fxe5 14. Bxd5 Bxd5 15. Be3 c6 16. Qe2 Qh4 17. Nd2 Rf6 18. Qg4 Qxg4 19. hxg4 Ba5 20. a3 Bxd2 21. Bxd2 e4 22. Be3 a5 23. a4 h6) 9... Bb6 10. Bb3 f6 11. d4 Bf7 12. dxe5 Nxe5 13. Bxd5 Bxd5 14. Nxe5 fxe5 15. Be3 Bc6 16. Nd2 Qf6 17. Qe2 Qg6 18. f3 Rad8 19. Bxb6 axb6 20. Ne4 Rf4 21. Rad1 Rdf8 22. Qc4+ Kh8 23. Kh2 {1-0 Karjakin,S (2785)-Aronian,L (2780) Tata Steel-A 79th 2017 (7)}) 9. Bb3 Qf6 ({RR} 9... h6 10. Nc3 Re8 11. Ne4 Be7 12. Bd2 a5 13. a4 Nd5 14. Bc4 Nb6 15. Bb5 Bd6 16. d4 Bd7 17. Nxd6 cxd6 18. dxe5 Nxe5 19. Nd4 Nd5 20. Bxd7 Qxd7 21. Nb3 Nb6 22. Bc3 Nc6 23. Rxe8+ Rxe8 24. Nxa5 {1-0 Nihal,S (2680)-Makkar,R (2453) TCh-FRA Top 16 GpB 2024 (6.27)}) 10. Nc3 $146 ({RR} 10. Nbd2 Qg6 11. Ne4 Be7 12. Ng3 Bd6 13. Nh4 Qf6 14. Qh5 g6 15. Ne4 Qg7 16. Qh6 Be7 17. Nf3 Bd7 18. Bg5 Rae8 19. Qh4 Bxg5 20. Nfxg5 h6 21. Nxf7 Rxf7 22. Nf6+ Kf8 23. Nxe8 Bxe8 24. Bxf7 Bxf7 {1-0 Zierk,S (2488)-Harshavardhan,G (2397) Titled Tuesday intern op 26th Jul Early blitz 2022 (3)}) ({RR} 10. Nbd2 Qg6 11. Ne4 Be7 12. Ng3 Be6 13. Bxe6 Qxe6 14. Qe2 Bd6 15. c3 Rfe8 16. b4 a6 17. a4 Nd5 18. Bd2 Nb8 19. Qe4 c6 20. c4 Nf6 21. Qh4 Nbd7 22. d4 Qxc4 23. Nf5 Bf8 24. Nxe5 Nxe5 {0-1 Baltic,F (2151)-Schiffer,S (2234) Mittelrhein Regionalliga 18/19 2018 (5.2)}) 10... Bd4 11. Ne4 Qe7 12. c3 Kh8 13. cxd4 f6 14. dxe5 fxe5 15. Bg5 Qd7 16. Be3 Nd4 17. Nxe5 Qd8 18. Nf7+ Rxf7 19. Bxf7 1-0

[Event "Olympiad Women 2024"]
[Site "Budapest HUN"]
[Date "2024.09.21"]
[Round "10.37"]
[Board "4"]
[White "Takayasu, Melody"]
[Black "Mayeregger Gonzalez, Fiorella Allegra"]
[Result "0-1"]
[WhiteElo "1768"]
[BlackElo "1796"]
[PlyCount "88"]
[EventDate "2024.09.11"]
[WhiteTeam "Japan"]
[BlackTeam "Paraguay"]
[WhiteTeamCountry "JPN"]
[BlackTeamCountry "PAR"]

1. e4 c5 2. Nf3 a6 3. Nc3 e6 4. d4 cxd4 5. Nxd4 b5 6. Bd3 Bb7 7. O-O Qc7 8. Be3 Nf6 9. f3 ({RR} 9. f4 d6 10. Qf3 Nbd7 11. f5 e5 12. Nb3 Nc5 13. Nxc5 dxc5 14. Nd5 Bxd5 15. exd5 Bd6 16. Be4 Qa5 17. Bf2 Qb4 18. Rfe1 Rd8 19. b3 Qa5 20. c4 bxc4 21. bxc4 Rb8 22. Bc2 Nd7 23. g4 Kd8 {1-0 Yin,R-Zhou,L (1504) Chinese Youth U14 2024 (11.17)}) 9... Bc5 10. Bf2 O-O 11. Qd2 d6 $146 ({RR} 11... d5 12. exd5 Nxd5 13. Nxd5 Bxd5 14. Nb3 Bxf2+ 15. Qxf2 Nc6 16. Qh4 h6 17. Rad1 Rac8 18. Rfe1 Ne5 19. c3 Bxf3 20. Rd2 Nxd3 21. Rxd3 Bd5 22. Ree3 Bxb3 23. axb3 Rfd8 24. Kf2 Rxd3 25. Rxd3 Qc5+ 26. Qd4 {0-1 Goszyk,B (1126)-Gozdzicki,M (1514) POL-chT U19 2nd League 2016 (4.75)}) 12. g4 Nc6 13. Nxc6 Qxc6 14. h4 Nd7 15. Bxc5 dxc5 16. Qf4 c4 17. Be2 Qc5+ 18. Kg2 f5 19. exf5 exf5 20. g5 Rae8 21. Rf2 Ne5 22. Qg3 Ng4 23. Kg1 Qxf2+ 24. Qxf2 Nxf2 25. Kxf2 Rd8 26. a4 Rd2 27. axb5 axb5 28. Nxb5 Re8 29. Nc3 Rxc2 30. Kf1 Bd5 31. Nxd5 Rcxe2 32. Ra7 R2e5 33. Nf4 R8e7 34. Ra4 Rc7 35. g6 hxg6 36. Nxg6 Rb5 37. Ra2 Rcb7 38. Ra4 Rb4 39. Ne7+ Kf8 40. Ng6+ Kf7 41. Ne5+ Ke6 42. Rxb4 Rxb4 43. f4 c3 44. Nd3 cxb2 0-1

[Event "Olympiad Women 2024"]
[Site "Budapest HUN"]
[Date "2024.09.21"]
[Round "10.38"]
[Board "1"]
[White "Park, Sunwoo"]
[Black "Kakulidis, Ellen"]
[Result "0-1"]
[WhiteElo "1877"]
[BlackElo "2048"]
[PlyCount "92"]
[EventDate "2024.09.11"]
[WhiteTeam "South Korea"]
[BlackTeam "Denmark"]
[BlackTeamCountry "DEN"]

1. e4 e5 2. Nf3 Nc6 3. Bc4 Nf6 4. d3 Bc5 5. c3 d6 6. Bb3 a5 7. a4 ({RR} 7. h3 h6 8. Nbd2 Bd7 9. Qe2 Ba7 10. g4 Ne7 11. Nf1 Ng6 12. Ng3 a4 13. Bc2 c6 14. g5 hxg5 15. Bxg5 Qb6 16. O-O-O Qxf2 17. Qxf2 Bxf2 18. Nf5 Bxf5 19. exf5 Ne7 20. d4 e4 21. Bxf6 exf3 {0-1 Praggnanandhaa,R (2608)-Maghsoodloo,P (2676) Chess.com U20 Speed blitz 2020 (1.20)}) 7... Ba7 8. Nbd2 ({RR} 8. Qe2 O-O 9. Nbd2 Be6 10. Bc2 d5 11. Nf1 d4 12. Ng3 Qd6 13. h3 Rab8 14. Nh2 b5 15. axb5 Rxb5 16. Ng4 Nd7 17. O-O Qc5 18. c4 Rbb8 19. Nf5 Nb4 20. f4 Nxc2 21. Qxc2 Bxf5 22. exf5 e4 {1-0 Antunez,S (2200)-Rose,F (2091) Titled Tue 21st May Late 2024 (1)}) 8... O-O 9. O-O $146 ({RR} 9. Nf1 Ng4 10. Ne3 Nxe3 11. Bxe3 Qf6 12. h3 Be6 13. Bc2 h6 14. g4 Bxe3 15. fxe3 Rad8 16. Qe2 Na7 17. Kd2 d5 18. d4 dxe4 19. Bxe4 Rfe8 20. Kc2 exd4 21. cxd4 c5 22. Raf1 Qe7 23. Rd1 cxd4 {0-1 Schneider,S (1470)-Koerbel,E (1810) Wiesbaden op 30th 2018 (5)}) ({RR} 9. Nf1 d5 10. exd5 Nxd5 11. Ng3 f6 12. d4 exd4 13. O-O Be6 14. Re1 Qd7 15. cxd4 Rfe8 16. Ne4 Bf7 17. Nc5 Rxe1+ 18. Qxe1 Bxc5 19. dxc5 Ndb4 20. Qc3 Qd3 21. Bxf7+ Kxf7 22. Bf4 Re8 23. Rc1 Qxc3 {0-1 Tomazini,Z (2361)-Koustav,C (2485) Novi Sad Serbia op-A 2022 (4)}) ({RR} 9. Qe2 Be6 10. Bc2 Re8 11. h3 Ne7 12. Nf1 Ng6 13. g4 d5 14. Ng3 Nf4 15. Bxf4 exf4 16. Nf5 dxe4 17. dxe4 Qc8 18. Kf1 Bd5 19. e5 Qe6 20. Kg1 Nd7 21. Re1 Bxf3 22. Qxf3 Nxe5 23. Qxf4 Nf3+ {0-1 Benedetti,J (2274)-Wu,D (2193) Titled Tue 25th Jul Late 2023 (7)}) 9... Be6 10. Bc2 h6 11. h3 d5 12. exd5 Nxd5 13. Re1 Nf4 14. Ne4 Ng6 15. Qe2 Re8 16. Bd2 Qd7 17. Nh2 f5 18. Ng3 Nf4 19. Qf1 Bd5 20. Bxf4 exf4 21. Nh5 Qd6 22. d4 Bf7 23. g4 g6 24. Qd3 Ne7 25. gxf5 gxh5 26. Nf3 Qf6 27. Kh2 Kh8 28. Ne5 Rg8 29. Nd7 Qh4 30. Qe2 Nc6 31. Rg1 Rae8 32. Qf3 Qe7 33. Qxf4 Qd6 34. Ne5 Nxe5 35. Rxg8+ Bxg8 36. dxe5 Qxe5 37. Qxe5+ Rxe5 38. Bd3 Bh7 39. f4 Rd5 40. Be4 Rd2+ 41. Kg3 Re2 42. Bxb7 Bxf5 43. Rd1 Rxb2 44. Rd8+ Kg7 45. Bd5 Rb8 46. Rxb8 Bxb8 0-1

[Event "Olympiad Women 2024"]
[Site "Budapest HUN"]
[Date "2024.09.21"]
[Round "10.38"]
[Board "2"]
[White "Jakobsen, Shanne Hedegaard"]
[Black "Khan, Anastasia"]
[Result "1-0"]
[WhiteElo "2002"]
[BlackElo "1859"]
[PlyCount "43"]
[EventDate "2024.09.11"]
[WhiteTeam "Denmark"]
[BlackTeam "South Korea"]
[WhiteTeamCountry "DEN"]

1. d4 Nf6 2. c4 e6 3. Nf3 d5 4. cxd5 exd5 5. Nc3 Bb4 6. Bg5 c6 7. Qc2 h6 8. Bh4 g5 9. Bg3 Ne4 10. e3 ({RR} 10. Be5 O-O 11. Nd2 Nd7 12. Ndxe4 dxe4 13. Qxe4 Qa5 14. Qc2 Nxe5 15. dxe5 Bf5 16. Qb3 Be6 17. Qc2 Rad8 18. a3 Rd5 19. h4 g4 20. Rc1 Bxc3+ 21. Qxc3 Rxe5 22. Qxa5 Rxa5 23. e3 Rd8 24. Be2 Rad5 {½-½ Girones Barrios,Y (2392)-Jakubowski,K (2457) Titled Tue 4th Jun Late 2024 (3)}) 10... Qa5 11. Nd2 $146 ({RR} 11. Rc1 Qxa2 12. Bd3 Bxc3+ 13. bxc3 Qxc2 14. Rxc2 Bf5 15. Bxe4 Bxe4 16. Rd2 Nd7 17. Ke2 Nb6 18. Ra1 Nc8 19. Rb2 b6 20. Ne5 Bxg2 21. Nxc6 f6 22. Nb4 Rh7 23. Na6 Kd8 24. Rb5 g4 25. Rc1 Rd7 {½-½ Viot,A (2190)-Sanchis,A Paris-ch op 1993 (3)}) ({RR} 11. Rc1 Qxa2 12. Bd3 Bxc3+ 13. bxc3 Qxc2 14. Rxc2 Bf5 15. Be5 O-O 16. Nd2 Nd7 17. Bxe4 Bxe4 18. Nxe4 dxe4 19. Bd6 Rfc8 20. Ke2 b5 21. c4 Nb6 22. cxb5 cxb5 23. Bc5 Na4 24. f3 exf3+ 25. gxf3 a5 {0-1 Trtanj,T (2105)-Jelica,M (2180) CRO-ch (Women) 1998 (1)}) 11... Nxc3 12. bxc3 Bxc3 13. Rd1 Bd7 14. Be5 O-O 15. Bd3 f5 16. g4 c5 17. O-O c4 18. Nxc4 dxc4 19. Bxc4+ Kh7 20. Qb3 Bb4 21. h4 Nc6 22. Bg8+ 1-0

[Event "Olympiad Women 2024"]
[Site "Budapest HUN"]
[Date "2024.09.21"]
[Round "10.38"]
[Board "3"]
[White "Kang, Sohyun"]
[Black "Guindy, Esmat Susanne"]
[Result "1/2-1/2"]
[WhiteElo "1726"]
[BlackElo "2015"]
[PlyCount "95"]
[EventDate "2024.09.11"]
[WhiteTeam "South Korea"]
[BlackTeam "Denmark"]
[BlackTeamCountry "DEN"]

1. e4 e6 2. d4 d5 3. Bd3 dxe4 4. Bxe4 Nf6 5. Bf3 c5 6. Ne2 Nc6 7. Be3 e5 8. Bxc6+ bxc6 9. dxe5 Qxd1+ 10. Kxd1 Ng4 11. Nd2 Be6 ({RR} 11... Nxe5 12. Re1 Be6 13. Nf4 O-O-O 14. Nxe6 fxe6 15. Ke2 Ng4 16. Ne4 Nxe3 17. Kxe3 Be7 18. Rad1 Rd5 19. c4 Rxd1 20. Rxd1 Kc7 21. Kd3 Rd8+ 22. Kc2 Rf8 23. Rd3 Rf4 24. Re3 h5 25. Kd3 h4 26. h3 {½-½ Howell,D (2675)-Agdestein,S (2564) Titled Tue 16th Jul Early 2024 (8)}) 12. Ne4 $146 ({RR} 12. Nf4 Nxe3+ 13. fxe3 Bg4+ 14. Ke1 O-O-O 15. h3 Bf5 16. e4 Bd7 17. Rd1 g5 18. Ne2 Bg7 19. Nf3 h6 20. Ng3 Rhe8 21. Kf2 Bxe5 22. Nxe5 Rxe5 23. h4 Rg8 24. Rd3 Rg6 25. hxg5 Rexg5 26. Rh5 c4 {½-½ Nuber,K (2106)-Baeumler,I (2192) GER-chT U20 Arendsee 2008 (7.1)}) ({RR} 12. Nf3 O-O-O+ 13. Ke1 Be7 14. h3 Nxe3 15. fxe3 g5 16. g4 h5 17. Rg1 hxg4 18. hxg4 f6 19. Nc3 fxe5 20. Rd1 Rdf8 21. Nxe5 Rh6 22. Nxc6 Bf6 23. Kd2 Rh2+ 24. Kc1 Bxc3 25. bxc3 Rff2 26. Rd6 Rxc2+ {0-1 Mihok,O (2528)-Ghimoyan,N (2177) Titled Tue 7th May Late 2024 (6)}) ({RR} 12. h3 Nxe5 13. Ne4 c4 14. N2c3 Be7 15. Ke2 O-O 16. Rhe1 a5 17. Nc5 Bd5 18. Kf1 Rfd8 19. N3a4 Rab8 20. Bf4 f6 21. b3 cxb3 22. axb3 Rb5 23. Be3 Ng6 24. c4 Bxc4+ 25. bxc4 Rb4 26. Rab1 Rxc4 {1-0 Gevorgyan,M (2228)-Pesotskiy,M (2245) Titled Tuesday intern op 7th July blitz 2020 (9)}) ({RR} 12. Kc1 Nxe3 13. fxe3 O-O-O 14. Nf4 Be7 15. Nxe6 fxe6 16. Nf3 g5 17. h3 h5 18. Rd1 g4 19. Rxd8+ Bxd8 20. Ne1 Rf8 21. hxg4 hxg4 22. Kd2 Rf2+ 23. Kd3 Bc7 24. Ke4 c4 25. Rd1 Rf5 26. Kd4 Rxe5 {0-1 Segarra,R (2321)-Shevtchenko,O (2054) Titled Tuesday intern op 6th June blitz 2020 (3)}) 12... O-O-O+ 13. Ke1 Nxe3 14. fxe3 Rd5 15. Kf2 Rxe5 16. N2g3 Be7 17. Rhd1 Bh4 18. Nd2 Bd5 19. Re1 Rhe8 20. Nf3 Rf5 21. b3 g5 22. Ke2 Bxg3 23. hxg3 g4 24. Nh4 Rfe5 25. Kd2 c4 26. Re2 cxb3 27. axb3 Kb7 28. Rf1 Rd8 29. Kc3 Be6 30. Rf4 f5 31. e4 Re8 32. Kd3 fxe4+ 33. Rfxe4 Rxe4 34. Rxe4 Kc8 35. Kd4 Kd7 36. Rf4 Rg8 37. Nf5 Rg5 38. Ne3 Kd6 39. Kd3 h5 40. Rf6 Ke5 41. Rh6 Kd6 42. Nc4+ Ke7 43. Rh7+ Bf7 44. Ke4 Kf6 45. Kd4 Rd5+ 46. Kc3 Rc5 47. Kd4 Rd5+ 48. Ke4 1/2-1/2

[Event "Olympiad Women 2024"]
[Site "Budapest HUN"]
[Date "2024.09.21"]
[Round "10.38"]
[Board "4"]
[White "Durrfeld, Sofie Bech"]
[Black "Kim, Sarang"]
[Result "1/2-1/2"]
[WhiteElo "1937"]
[BlackElo "1732"]
[PlyCount "133"]
[EventDate "2024.09.11"]
[WhiteTeam "Denmark"]
[BlackTeam "South Korea"]
[WhiteTeamCountry "DEN"]

1. e4 e6 2. d4 d5 3. Nc3 Bb4 4. Nge2 dxe4 5. a3 Bxc3+ 6. Nxc3 f5 7. Qh5+ g6 8. Qh3 b6 $146 ({RR} 8... Qxd4 9. Bf4 Qg7 10. Nb5 e5 11. Qc3 Nc6 12. O-O-O a6 13. Bxe5 Qxe5 14. Qxe5+ Nxe5 15. Nxc7+ Ke7 16. Nxa8 Be6 17. Nc7 Nf6 18. Nxe6 Kxe6 19. Be2 Rc8 20. Rd2 f4 21. Rhd1 Kf5 22. Rd8 Rc7 23. h3 {1-0 Kavcic,Z (2082)-Piber,V (1990) Nova Gorica op-B 09th 2004 (5)}) ({RR} 8... a6 9. Bf4 Qxd4 10. Be2 Nc6 11. O-O e5 12. Rad1 Qc5 13. Be3 Qf8 14. f4 Be6 15. Nxe4 Nge7 16. Nc5 Bc8 17. fxe5 Qg7 18. Bc4 b6 19. Ne6 Bxe6 20. Bxe6 Qxe5 21. Bd7+ Kf7 22. Rfe1 Qxb2 23. Qh4 {1-0 Abdusattorov,N (2627)-Bykhovsky,A (2405) PNWCC Online blitz JP 14th 2020 (2)}) ({RR} 8... Nc6 9. Bf4 Qxd4 10. Nb5 Qxb2 11. Nxc7+ Kf7 12. Rd1 e5 13. Bc4+ Kg7 14. Bd2 f4 15. Qh4 Qxc2 16. Rc1 Qa4 17. Nxa8 Nf6 18. Nc7 h6 19. Ne6+ Bxe6 20. Bxe6 g5 21. Qh3 Nd4 22. O-O Ne2+ 23. Kh1 {1-0 Sanchez Alvares,K (2236)-Herman,D (1928) Titled Tue 18th Jul Early 2023 (6)}) ({RR} 8... Nc6 9. Bf4 Nf6 10. O-O-O h6 11. f3 Nh5 12. Bd2 Nxd4 13. fxe4 e5 14. exf5 Bxf5 15. g4 Bxc2 16. Re1 O-O 17. Bc4+ Kg7 18. gxh5 g5 19. Rxe5 Bf5 20. Qe3 Nc6 21. Rd5 Qe8 22. Qg3 Qxh5 23. Rf1 {1-0 Shkuran,D (2391)-Pugachov,I (2120) Novoyavorivsk-ch 2013 (4)}) ({RR} 8... Nc6 9. Bf4 a6 10. O-O-O Nf6 11. Bg5 O-O 12. d5 Ne5 13. dxe6 Qe8 14. e7 Qxe7 15. Nd5 Qc5 16. Nxf6+ Rxf6 17. Bxf6 Ng4 18. Qb3+ {1-0 De Carvalho,C (2121)-Machado,L (1552) Santa Catarina-ch 64th  2020 (3)}) 9. Bf4 Ba6 10. Nb5 Bxb5 11. Bxb5+ c6 12. Bc4 Qe7 13. Qg3 Nd7 14. Bd6 Qf6 15. O-O-O b5 16. Bb3 Ne7 17. Rhe1 Nd5 18. c4 bxc4 19. Bxc4 Kf7 20. Qb3 N7b6 21. Kb1 Rhd8 22. Be5 Qe7 23. Be2 a5 24. h4 Rd7 25. g4 Rb7 26. Rc1 a4 27. Qg3 Nc8 28. gxf5 Rb3 29. fxe6+ Ke8 30. Qxb3 axb3 31. Rxc6 Na7 32. Ra6 Nc7 33. Rb6 Nxe6 34. Bc4 Nd8 35. Bd5 Nc8 36. Rxb3 Ra5 37. Bxe4 Kf8 38. h5 Nd6 39. hxg6 Nxe4 40. g7+ Kg8 41. Rxe4 Nc6 42. Rg4 Qe6 43. Rgg3 Ra8 44. f4 Qf5+ 45. Ka2 Qe6 46. Ka1 Na5 47. Rbf3 Rc8 48. Rc3 Nc4 49. Rg5 Qb6 50. b3 Qa5 51. b4 Qd5 52. Rg1 Ra8 53. Rgc1 Nb6 54. f5 Qf7 55. f6 h5 56. Rh3 Qe6 57. Rcc3 Nd5 58. Rcf3 Qf7 59. Rf5 Nxb4 60. d5 Rxa3+ 61. Rxa3 Nc2+ 62. Kb2 Nxa3 63. Kxa3 Qa7+ 64. Kb4 Qb7+ 65. Ka3 Qa7+ 66. Kb4 Qb7+ 67. Ka3 1/2-1/2

[Event "Olympiad Women 2024"]
[Site "Budapest HUN"]
[Date "2024.09.21"]
[Round "10.39"]
[Board "1"]
[White "Dornbusch, Tatiana"]
[Black "Clarke, Adani"]
[Result "1-0"]
[WhiteElo "2212"]
[BlackElo "1919"]
[PlyCount "107"]
[EventDate "2024.09.11"]
[WhiteTeam "Monaco"]
[BlackTeam "Jamaica"]
[WhiteTeamCountry "MNC"]
[BlackTeamCountry "JAM"]

1. d4 e6 2. c4 Nf6 3. Nc3 Bb4 4. a3 Bxc3+ 5. bxc3 c5 6. f3 d5 7. cxd5 Nxd5 8. dxc5 Qa5 9. e4 Qxc3+ 10. Bd2 Qe5 11. Ne2 Nf6 ({RR} 11... Ne7 12. Rc1 Qc7 13. Nd4 Bd7 14. Kf2 O-O 15. Be3 e5 16. Nb3 Be6 17. Qd6 Rc8 18. Qxc7 Rxc7 19. Bc4 Bxc4 20. Rxc4 Nd7 21. Rhc1 Nc6 22. Rd1 Nf8 23. g3 Rd8 24. Rxd8 Nxd8 25. Rc1 Nc6 26. f4 {1-0 Aashman,G (2219)-Long,P (2285) Quang Ninh IMA 2024 (3.1)}) 12. Bc3 Qc7 13. Qd6 Na6 14. Qxc7 $146 ({RR} 14. Rd1 Bd7 15. Bd4 Rd8 16. Nc3 Qa5 17. Rd2 Bc6 18. Qe5 h6 19. g4 Qc7 20. Bxa6 Qxe5 21. Bxe5 Rxd2 22. Kxd2 bxa6 23. Ke3 O-O 24. Bd6 Rc8 25. Rf1 Nd7 {½-½ Hildebrand,H-Gudath,R Ost Westfalen Lippe-ch 1969 (8)}) 14... Nxc7 15. Be5 Na6 16. Bd6 Bd7 17. Nd4 Nb8 18. Rb1 Nc6 19. Nb5 O-O-O 20. Bg3 Ne8 21. Bc4 a6 22. Nc3 Na5 23. Bxa6 Bc6 24. Bb5 Nc7 25. Bxc6 Nxc6 26. Bd6 f6 27. O-O Rd7 28. Na4 Na8 29. Rb2 Ne5 30. Bxe5 fxe5 31. c6 bxc6 32. Rfb1 Rhd8 33. Rb8+ Kc7 34. R1b7+ Kd6 35. Rxd7+ Kxd7 36. Rxa8 Rxa8 37. Nb6+ Kc7 38. Nxa8+ Kb7 39. Kf2 Kxa8 40. Ke3 Kb7 41. Kd3 Kb6 42. Kc4 h5 43. h4 g6 44. g3 c5 45. a4 Ka5 46. Kxc5 Kxa4 47. Kd6 Kb4 48. Kxe6 Kc3 49. Kxe5 Kd3 50. Kf4 Kd4 51. Kg5 Ke3 52. e5 Kxf3 53. e6 Kxg3 54. e7 1-0

[Event "Olympiad Women 2024"]
[Site "Budapest HUN"]
[Date "2024.09.21"]
[Round "10.39"]
[Board "2"]
[White "Miller, Rachel"]
[Black "Zvereva, Marija"]
[Result "1/2-1/2"]
[WhiteElo "1912"]
[BlackElo "2035"]
[PlyCount "104"]
[EventDate "2024.09.11"]
[WhiteTeam "Jamaica"]
[BlackTeam "Monaco"]
[WhiteTeamCountry "JAM"]
[BlackTeamCountry "MNC"]

1. e4 c5 2. Nf3 Nc6 3. Bb5 d6 4. O-O Bd7 5. Re1 a6 6. Bf1 Nf6 7. c3 Bg4 8. d4 cxd4 9. cxd4 Bxf3 10. gxf3 d5 11. e5 ({RR} 11. Nc3 e6 12. Bg5 Be7 13. Bxf6 Bxf6 14. exd5 Nxd4 15. Re4 Nf5 16. dxe6 O-O 17. exf7+ Kh8 18. Qxd8 Raxd8 19. Rd1 Rxd1 20. Nxd1 g6 21. Ne3 Rxf7 22. Bc4 Rf8 23. b3 b5 24. Be2 Bg5 25. f4 Bh6 {½-½ Naiditsch,A (2727)-Bu,X (2683) WchT 9th Antalya 2013 (8.3)}) 11... Nh5 12. e6 fxe6 13. Nc3 Qb6 $146 ({RR} 13... e5 14. f4 g6 15. fxe5 e6 16. Qg4 Ng7 17. Bd3 Qb6 18. Be3 O-O-O 19. Rac1 Nf5 20. Na4 Qa5 21. Qd1 Kd7 22. a3 b5 23. Rxc6 Kxc6 24. Qc2+ Kd7 25. Rc1 Ke8 26. Qc6+ Kf7 27. Nb6 Be7 28. Bxf5 {0-1 Mikheeva,G (2027)-Dubnikova,A (2066) ch-RUS Junior Girls 2024 (2.9)}) 14. Bh3 Qxd4 15. Bxe6 Qxd1 16. Rxd1 Nd8 17. Bd7+ Kxd7 18. Nxd5 Rb8 19. Nf6+ Ke6 20. Nxh5 g6 21. Bf4 Rc8 22. Re1+ Kf7 23. Be5 Rg8 24. Nf4 Nc6 25. Bc3 Bh6 26. Ne6 Nd8 27. Nxd8+ Rgxd8 28. Rad1 Bf4 29. h3 Rd6 30. Kf1 Rcd8 31. Rxd6 Rxd6 32. Re4 Bd2 33. Bxd2 Rxd2 34. Rb4 b5 35. a4 Rd5 36. axb5 Rxb5 37. Rh4 Rxb2 38. Rxh7+ Kf6 39. Rh8 Ra2 40. Rf8+ Ke6 41. Rg8 Kf7 42. Ra8 a5 43. Ra6 a4 44. Kg2 e6 45. Ra8 a3 46. Ra6 Ra1 47. Ra8 a2 48. Ra6 Kf6 49. Ra5 g5 50. Kh2 e5 51. Kg2 Ke6 52. Kh2 Kf5 1/2-1/2

[Event "Olympiad Women 2024"]
[Site "Budapest HUN"]
[Date "2024.09.21"]
[Round "10.39"]
[Board "3"]
[White "Berezovsky, Fiorina"]
[Black "Brown, Raehanna"]
[Result "1-0"]
[WhiteElo "1976"]
[BlackElo "1910"]
[PlyCount "45"]
[EventDate "2024.09.11"]
[WhiteTeam "Monaco"]
[BlackTeam "Jamaica"]
[WhiteTeamCountry "MNC"]
[BlackTeamCountry "JAM"]

1. d4 Nf6 2. Nc3 d5 3. Bf4 e6 4. e3 Bd6 5. Qf3 ({RR} 5. Nb5 Bxf4 6. exf4 O-O 7. Nf3 b6 8. Be2 Bb7 9. O-O Nbd7 10. c3 Ne4 11. Bd3 c5 12. Re1 Ndf6 13. Ne5 a6 14. Na3 Qc7 15. Nc2 Rac8 16. Rc1 b5 17. a3 Nd6 18. g4 Nfe4 19. f3 Nf6 {0-1 Carlsen,M (2862)-Tang,A (2538) Carlsen-Tang Bullet blitz 2021 (3)}) 5... c6 ({RR} 5... O-O 6. g4 Bxf4 7. Qxf4 Qd6 8. Qf3 e5 9. g5 Ne4 10. Nge2 exd4 11. exd4 Nxc3 12. Nxc3 c6 13. O-O-O b5 14. Bd3 b4 15. Na4 g6 16. h4 Ba6 17. h5 Bxd3 18. Rxd3 Nd7 19. Qh3 Qf4+ 20. Kb1 {1-0 Mora Velasco,A (1765)-Bauyrzhan,A (2029) Swiss Queens Wed #1 2024 (7.164)}) 6. Bd3 b5 $146 ({RR} 6... b6 7. e4 Bxf4 8. Qxf4 Ba6 9. O-O-O Bxd3 10. Rxd3 dxe4 11. Nxe4 Nxe4 12. Qxe4 Qd5 13. Qg4 g6 14. Kb1 Nd7 15. Nf3 O-O-O 16. Re1 h6 17. Qf4 Rh7 18. Ra3 a5 {½-½ Vadila,O (2100)-Orgon,D (1989) SVK-chT1W 2122 2021 (4.5)}) ({RR} 6... Bxf4 7. Qxf4 Nbd7 8. Nf3 Nh5 9. Qd6 Qe7 10. Qc7 f5 11. h3 Nhf6 12. O-O-O O-O 13. Rdg1 c5 14. g4 c4 15. Be2 Ne4 16. gxf5 Nxc3 17. bxc3 Rxf5 18. Rg2 g6 19. Rhg1 Qa3+ 20. Kd2 Nf6 21. Rxg6+ {1-0 Drmic,T (2224)-Jukic,Z (2305) CRO-chT1A 28th 2019 (4.56)}) 7. g4 Qc7 8. Nge2 b4 9. Na4 Bxf4 10. exf4 Nfd7 11. g5 Ba6 12. O-O g6 13. Ng3 Bb5 14. Nc5 Nxc5 15. dxc5 Na6 16. Bxb5 cxb5 17. Qe2 Qxc5 18. a4 bxa3 19. Rxa3 Nb4 20. Qe5 O-O 21. Ne4 Qxc2 22. Nf6+ Kh8 23. Rh3 1-0